000
00283nam a22001337a 4500
008
181022b xxu||||| |||| 00| 0 eng d
020
_a
9781429268172
041
_a
eng
080
_a
159.9
100
_a
49
101
_a
PSI
245
_a
Psychology
_c
Griggs, R.A
942
_2
udc
_c
BK
999
_c
50517
_d
50517